FIFA World Cup 2022 Clubs - Statistics

General Stats
  • This quiz has been taken 28 times
    27 since last reset
  • The average score is 97 of 294
Answer Stats
Nation Club Amount % Correct
England Chelsea FC 12
95%
England Manchester City 16
95%
England Manchester United 14
95%
England Arsenal 10
89%
England Tottenham Hotspurs 10
89%
England Liverpool FC 7
84%
England Newcastle United 5
84%
England Aston Villa 4
79%
Germany Bayern Munich 15
79%
Spain FC Barcelona 16
79%
England Leeds United 3
79%
France PSG 11
79%
Belgium Anderlecht 2
74%
Spain Atletico Madrid 11
74%
Germany Borussia Dortmund 11
74%
England Everton 4
74%
Portugal FC Porto 6
74%
England Leicester City 7
74%
Austria RB Salzburg 4
74%
Spain Real Madrid 13
74%
Portugal Sporting CP 4
74%
England West Ham United 5
74%
Italy AC Milan 7
68%
Netherlands Ajax Amsterdam 11
68%
France AS Monaco 6
68%
Portugal Benfica 6
68%
Portugal Braga 2
68%
England Brighton & Hove Albion 8
68%
Scotland Celtic FC 4
68%
Croatia Dinamo Zagreb 5
68%
Turkey Galatasaray 5
68%
Italy Internationale 7
68%
Italy Juventus 11
68%
USA LA Galaxy 1
68%
France Marseille 5
68%
England Queens Park Rangers 2
68%
Germany RB Leipzig 7
68%
Italy AS Roma 4
63%
Germany Bayer Leverkusen 4
63%
England Burnley 2
63%
Wales Cardiff City 2
63%
Belgium Club Brugge 8
63%
Denmark Copenhagen 3
63%
England Crystal Palace 2
63%
France Lille 2
63%
France Lyon 2
63%
England Nottingham Forest 5
63%
Greece Olympiacos 4
63%
Scotland Rangers FC 1
63%
Spain Sevilla 10
63%
England Southampton 2
63%
Spain Valencia CF 5
63%
Canada Vancouver Whitecaps FC 1
63%
Germany Eintracht Frankfurt 7
58%
Turkey Fenerbahce 2
58%
Netherlands Feyenoord Rotterdam 3
58%
Poland Legia Warsaw 2
58%
Australia Melbourne City 2
58%
Netherlands PSV Eindhoven 4
58%
Spain Real Betis 5
58%
Argentina River Plate 2
58%
Wales Swansea City 3
58%
Australia Syndney FC 1
58%
Canada Toronto FC 3
58%
England Wolverhampton Wanderers 5
58%
Switzerland Young Boys 3
58%
Russia Zenit Saint Peterburg 1
58%
Greece AEK Athens 5
53%
Italy Atalanta 4
53%
Turkey Besiktas 4
53%
Belgium Cercle Brugge 1
53%
Switzerland FC Basel 2
53%
Italy Fiorentina 5
53%
Germany Hertha Berlin 1
53%
USA Los Angeles FC 5
53%
Spain Real Sociedad 1
53%
Belgium Royal Antwerp 3
53%
Germany Union Berlin 1
53%
Spain Villarreal 5
53%
Germany 1899 Hoffenheim 2
47%
Saudi-Arabia Al-Hilal 12
47%
Saudi-Arabia Al-Nassr 6
47%
Spain Atletic Bilbao 3
47%
England Birmingham City 2
47%
Germany Borussia Mönchengladbach 6
47%
Canada CF Montreal 6
47%
England Fulham 6
47%
Belgium Genk 3
47%
Italy Lazio Roma 2
47%
France Nantes 1
47%
Italy Napoli 5
47%
Serbia Red Star Belgrade 3
47%
Germany Schalke 04 1
47%
England Stoke City 1
47%
England Sunderland 2
47%
Germany Wolfsburg 3
47%
England Bournemouth 2
42%
England Brentford 6
42%
Tunisia Esperance de Tunis 3
42%
South-Korea FC Seoul 2
42%
Belgium Gent 1
42%
Spain Getafe 2
42%
France Lorient 1
42%
Mexico Monterrey 5
42%
France Montpellier 2
42%
France Nice 2
42%
England Norwich City 1
42%
England Sheffield United 2
42%
Italy Torino 5
42%
England Bristol City 1
37%
Spain Espanyol 1
37%
Japan FC Tokyo 1
37%
Brazil Flamengo 4
37%
Germany Hannover 96 1
37%
Scotland Hearts of Midlothian 3
37%
France Lens 3
37%
Spain Mallorca 2
37%
Greece Paok 1
37%
Belgium Standard Liège 1
37%
Turkey Trabzonspor 2
37%
England Watford FC 1
37%
Germany 1. FC Köln 1
32%
Saudi-Arabia Al-Alhi 2
32%
Qatar Al-Sadd 15
32%
France Auxerre 1
32%
USA Chicago Fire FC 1
32%
Hungary Ferencvaros 1
32%
Croatia Hajduk Split 1
32%
USA Inter Miami CF 1
32%
Ecuador LDU Quito 1
32%
Germany Mainz 05 3
32%
Uruguay Nacional 3
32%
USA Nashville SC 2
32%
USA Philadelphia Union 1
32%
Germany SC Freiburg 4
32%
China Shanghai Shenhua 1
32%
France Stade Rennais 8
32%
France Toulouse 1
32%
Italy Udinese 1
32%
South-Korea Ulsan Hyundai 3
32%
Germany VFB Stuttgart 3
32%
Germany Weder Bremen 2
32%
Saudi-Arabia Al-Ittihad 2
26%
Italy Bologna 2
26%
Denmark Brondby 2
26%
Mexico Club America 3
26%
Scotland Dundee United 2
26%
Russia Dynamo Moscow 1
26%
Germany FC Augsburg 3
26%
USA FC Dallas 1
26%
Italy Hellas Verona 4
26%
England Huddersfield Town 1
26%
Argentina Independiente 1
26%
Ecuador Independiente del Valle 1
26%
Kuwait Kuwait SC 2
26%
England Luton Town 2
26%
USA New York RB 1
26%
Cyprus Omonia Nicosia 1
26%
Iran Persepolis FC 4
26%
Spain Rayo Vallecano 1
26%
England Reading 3
26%
Spain Real Valladolid 2
26%
Costa Rica Saprissa 3
26%
Italy Sassuolo 1
26%
Netherlands SC Heerenveen 1
26%
Qatar Al-Alhi Doha 2
21%
France Angers 2
21%
Turkey Antalyaspor 1
21%
Italy Bari 1
21%
Italy Brescia 1
21%
France Brest 1
21%
Australia Central Coast Mariners 3
21%
Mexico Cruz Azul 3
21%
Germany Fortuna Düsseldorf 1
21%
Scotland Hibernian 1
21%
South-Korea Jeonbuk Hyundai Motors 6
21%
Poland Lech Poznan 1
21%
Switzerland Lugano 1
21%
England Middlesbrough 1
21%
USA Minnesota United FC 1
21%
USA Orlando City SC 1
21%
Brazil Palmeiras 1
21%
France Reims 1
21%
Italy Salernitana 3
21%
Italy Sampdoria 3
21%
France Strasbourg 2
21%
Germany VFL Bochum 1
21%
England Wimbledon 1
21%
Qatar Al-Duhail 7
16%
Spain Almeria 1
16%
Qatar Al-Rayyan 2
16%
Saudi-Arabia Al-Shabab 5
16%
Spain Cadiz 1
16%
France Caen 1
16%
Belgium Charleroi 1
16%
Italy Cremonese 1
16%
Mexico Guadelajara 2
16%
USA Houston Dynamo FC 1
16%
Japan Kawasaki Frontale 2
16%
Mexico Leon 3
16%
Switzerland Luzern 2
16%
USA New York City FC 1
16%
Denmark Odense 2
16%
Spain Osasuna 2
16%
Mexico Pachuca 3
16%
England Portsmouth 1
16%
Switzerland St. Gallen 1
16%
Scotland St. Johnstone 1
16%
Scotland St Mirren 1
16%
England Swindon Town 1
16%
Mexico UNAM 1
16%
Argentina VelezSarsfield 1
16%
Egypt Zamalek 1
16%
Costa Rica Alajuelense 3
11%
Egypt Al Alhy 1
11%
Turkey Alanyaspor 1
11%
Qatar Al-Arabi 2
11%
Saudi-Arabia Al-Ettifaq 1
11%
Greece Aris 1
11%
Costa Rica Cartagines 1
11%
Spain Celta de Vigo 2
11%
USA Charlotte FC 1
11%
Tunisia Etoile du Sahel 1
11%
Belgium Eupen 1
11%
Japan Fagiano Okayama 1
11%
USA FC Cincinnati 1
11%
Japan Gamba Osaka 1
11%
South-Korea Gimcheon Sangmu 1
11%
Costa Rica Guanacasteca 1
11%
Turkey Hatayspor 1
11%
England MK Dons 1
11%
Costa Rica Municipal Grecia 1
11%
Japan Nagoya Grampus 1
11%
Argentina Newell's Old Boys 1
11%
Costa Rica Puntarenas 1
11%
USA Real Salt Lake 1
11%
Costa Rica San Carlos 1
11%
Mexico Santos Laguna 2
11%
Belgium Sint Truiden 1
11%
Germany St. Pauli 1
11%
Japan Urawa Red Diamonds 1
11%
Tunisia US Monastir 1
11%
Denmark Vejle Boldklub 1
11%
Morocco Wydad AC 3
11%
Saudi-Arabia Abha 2
5%
Australia Adelaine United 1
5%
Japan Albirex Niigata 1
5%
Saudi-Arabia Al-Fateh 1
5%
Qatar Al-Gharafa 3
5%
Saudi-Arabia Al-Tai 1
5%
Qatar Al-Wakrah 1
5%
Saudi-Arabia Al-Wehda 2
5%
France Amiens 1
5%
Greece Atromitos 1
5%
Ecuador Aucas 1
5%
Italy Benevento 1
5%
Portugal Chaves 1
5%
France Clermont 2
5%
Tunisia Club African 2
5%
USA Columbus Crew 1
5%
Cameroon Coton Sport 1
5%
Tunisia CS Sfaxien 1
5%
South-Korea Daegu FC 1
5%
South-Korea Daejeon Hana Citizen 1
5%
Belgium Deinze 1
5%
Costa Rica Heredanio 6
5%
Ecuador Imbabura 1
5%
Mexico Juarez 1
5%
Turkey Kayeserispor 2
5%
Turkey Konyaspor 1
5%
Belgium KV Mechelen 1
5%
Spain Leganes 1
5%
Spain Lugo 1
5%
Croatia Osijek 1
5%
Greece Panetolikos 1
5%
Poland Pogon Szczecin 1
5%
Spain Ponferradina 1
5%
Qatar Qatar SC 1
5%
USA Seattle Sounders FC 4
5%
China Shandong Taishan 1
5%
Japan Shimizu S-Pulse 1
5%
Japan Shonan Bellmare 1
5%
Italy Specia 2
5%
Argentina Talleres 1
5%
France Troyes 2
5%
Ghana Asante Kotoko 1
0%
Brazil Athletico Paranaense 1
0%
Cameroon Colombe Sportive 1
0%
Iran Esteghlal 3
0%
Ghana Hearts of Oak 1
0%
Colombia Millionarios 1
0%
Cyprus Pafos 1
0%
Iran Sepahan 2
0%
UAE Shabab Al-Alhi 1
0%
No matching quizzes found
Score Distribution
Percent of People with Each Score
Percentile by Number Answered
Your Score History
You have not taken this quiz since the last reset